000 01028cab a2200277 4500
001 WB3147-30
008 090401t1995 xxu||||| |||| 00| 0 eng d
035 _a(Sirsi) u51478
041 _aeng
245 _aLegal opinion sought on conveyancing fees
260 _c1995
350 _a0
490 _aIndependent
_v14 December 1995, 6
490 _aTimes
_v15 December 1995, 2
490 _aGuardian
_v15 December 1995, 9
490 _aDaily Telegraph
_v16 December 1995, B14(3)
520 _aThe Law Society is seeking legal opinion over its proposal to introduce minimum guideline fees aimed at eradicating cut-price conveyancing. If introduced Law Society`s professional indemnity cover would be withdrawn from members charging less than the guidelines.
650 _aCONVEYANCING
650 _aLAW SOCIETY
650 _aPROFESSIONAL FEES
650 _aPROFESSIONAL INDEMNITY INSURANCE
690 _aLAW
690 _aMANAGEMENT-BUSINESS MANAGEMENT-PROFESSIONAL PRACTICE
942 _n0
948 _c04/03/1997
999 _c31963
_d31963